000 02373nam0a2200385 4500
001 RU\NLR\BIBL_A\022196132
005 20240617105956.0
010 _a978-5-8064-3357-3
_935
021 _aRU
_bКН-П-24-012744
_9КН-П-24-1325
035 _a(NLR Aleph) 022196132
090 _a13029018
_c13029018
100 _a20240412d2023 k y0rusy50 ca
101 0 _arus
_deng
102 _aRU
105 _aa|||z|||100yy
181 0 _ai
_baxxe
182 0 _an
200 1 _aАктуальные проблемы химического и экологического образования. Верховский - 150
_eматериалы 68-й всероссийской научно-практической конференции с международным участием, Санкт-Петербург, 11-13 мая 2023 года
_fРоссийский государственный педагогический университет им. А. И. Герцена
_gпод науч. ред. Ю. Ю. Гавронской
203 _aТекст
_bвизуальный
_cнепосредственный
210 _aСанкт-Петербург
_cИзд-во РГПУ им. А.И.Герцена
_d2023
215 _a251 с.
_cил., табл.
_d21
225 1 _aГод педагога и наставника, 2023
300 _aРез. англ.
320 _aБиблиогр. в конце ст.
606 1 _aХимия
_jСъезды, совещания и т.п
_xПреподавание
_92155080
_3RU\NLR\AUTH\661297463
686 1 _aЧ426.57я431
686 1 _aЧ486.57я431
702 1 _aГавронская
_bЮ. Ю.
_gЮлия Юрьевна
_4340
711 1 2 _aВсероссийская научно-практическая конференция химиков с международным участием
_d68
_eСанкт-Петербург
_f2023
_9881089
_3RU\NLR\AUTH\880609238
712 0 2 _4475
_aРоссийский государственный педагогический университет им. А. И. Герцена
_cСанкт-Петербург
_9353794
_3RU\NLR\AUTH\889929136
942 _cBOOK
980 _aNB